106 nhà thông thái Cuộc đời, số phận, học thuyết, tư tưởng; sách tham khảo
Giới thiệu về cuộc đời, số phận, học thuyết và tư tưởng của 106 nhà thông thái trên khắp thế giới.; TM tài liệu tham khảo tr.728 - 746
Bewaard in:
| Hoofdauteur: | |
|---|---|
| Andere auteurs: | |
| Formaat: | Boek |
| Taal: | Undetermined |
| Gepubliceerd in: |
H.
Chính trị Quốc gia - Sự thật
2012
|
| Onderwerpen: | |
| Online toegang: | http://lrc.tdmu.edu.vn/opac/search/detail.asp?aID=2&ID=20689 |
| Tags: |
Voeg label toe
Geen labels, Wees de eerste die dit record labelt!
|
| Thư viện lưu trữ: | Trung tâm Học liệu Trường Đại học Thủ Dầu Một |
|---|
| LEADER | 01080nam a2200229Ia 4500 | ||
|---|---|---|---|
| 001 | TDMU_20689 | ||
| 008 | 210410s9999 xx 000 0 und d | ||
| 082 | |a 920.008 | ||
| 090 | |b T109 | ||
| 100 | |a Taranốp, P.S | ||
| 245 | 0 | |a 106 nhà thông thái | |
| 245 | 0 | |b Cuộc đời, số phận, học thuyết, tư tưởng; sách tham khảo | |
| 245 | 0 | |c P.S. Taranốp; Đỗ Minh Hợp (dịch và h.đính) | |
| 260 | |a H. | ||
| 260 | |b Chính trị Quốc gia - Sự thật | ||
| 260 | |c 2012 | ||
| 300 | |a 750 tr; 16x24cm | ||
| 520 | |a Giới thiệu về cuộc đời, số phận, học thuyết và tư tưởng của 106 nhà thông thái trên khắp thế giới.; TM tài liệu tham khảo tr.728 - 746 | ||
| 650 | |a Lịch sử |x Tiểu sử |x Nhà thông thái; Nhà thông thái |x Tiểu sử | ||
| 700 | |a Đỗ, Minh Hợp | ||
| 856 | |u http://lrc.tdmu.edu.vn/opac/search/detail.asp?aID=2&ID=20689 | ||
| 980 | |a Trung tâm Học liệu Trường Đại học Thủ Dầu Một | ||